000 00575nam a2200205Ia 4500
005 20250923144652.0
008 008 250917s9999 xx 000 0 eng d
037 _aTextual
040 _aDSWL
_beng
_cDSWL
041 _aeng
_2eng
084 _aY1:386.2, J9
_qDSWL
100 _aBanerji, Projesh
_9827186
245 0 _aFolk-dance of India
_cby Projesh Banerji
260 _aAllahabad
_bAllahabad Kitabistan
_c1959
300 _ax,206p.
365 _aINR
_b7.75
925 _g7.75
942 _cTEXL
_hY1:386.2, J9
999 _c1441831
_d1441831